000
00229nam a2200097Ia 4500
008
190216s9999||||xx |||||||||||||| ||und||
100
_a
Vijayan M R
245
0
_a
Mannum Sasya Poshanavum
260
_b
Kerala Basha Inst
942
_c
BK
999
_c
40455
_d
40455